Normal view
MARC view
Entry Topical Term
001 - CONTROL NUMBER
- control field: 18007
003 - CONTROL NUMBER IDENTIFIER
- control field: BD-RjUL
005 - DATE AND TIME OF LATEST TRANSACTION
- control field: 20260405113540.0
008 - FIXED-LENGTH DATA ELEMENTS
- fixed length control field: 260405|| aca||aabn | a|a d
040 ## - CATALOGING SOURCE
- Original cataloging agency: BD-RjUL
- Transcribing agency: BD-RjUL
150 ## - HEADING--TOPICAL TERM
- Topical term or geographic name entry element: Poetry
- Form subdivision: Bengali Lierature
670 ## - SOURCE DATA FOUND
- Source citation: Work cat.: (BD-RjUL)86315: তাবাসাসুম, নীলিমা, গবেষক 18005, সুনীল গঙ্গোপাধ্যায়ের কবিতা :, ২০২৪